Top 5 Songs On The Fool (Bladee) - Statistics

General Stats
  • This quiz has been taken 19 times
  • The average score is 4 of 5
Answer Stats
Hint Answer % Correct
5,521,433 egobaby
88%
11,372,607 Hotel Breakfast
88%
5,380,465 BBY
81%
5,459,451 I Think...
63%
4,480,186 Let's Ride
56%
No matching quizzes found
Score Distribution
Percent of People with Each Score
Percentile by Number Answered
Your Score History
You have not taken this quiz